000 00301nam a22001337a 4500
008 181030b xxu||||| |||| 00| 0 eng d
020 _a9780721606699
041 _aeng
080 _a618
100 _a8
101 _aGJIN
245 _aGynecologic Endoscopic Surgery
_cIsaacson, K
942 _2udc
_cBK
999 _c51169
_d51169